00367nam a2200157Ia 45000010006000000050017000060080041000230410008000640820019000721000023000912450040001142600009001543000032001636500006001956540008002012285420260414150858.0260414t2016||||xx |||||||||||||| ||spa|| aESP a624.15136bD27 aDas, Braja M.eAUT 0aSoil mechanics :blaboratory manual c2016 aix, 341 páginas :c28 cm. a0 aCIC